Contract law / (Record no. 25577)
[ view plain ]
| 000 -LEADER | |
|---|---|
| fixed length control field | 01819cam a22003015a 4500 |
| 001 - CONTROL NUMBER | |
| control field | 017901453 |
| 003 - CONTROL NUMBER IDENTIFIER | |
| control field | OSt |
| 005 - DATE AND TIME OF LATEST TRANSACTION | |
| control field | 20171228124756.0 |
| 008 - FIXED-LENGTH DATA ELEMENTS--GENERAL INFORMATION | |
| fixed length control field | 160629s2017 enka frb 001 0 eng d |
| 020 ## - INTERNATIONAL STANDARD BOOK NUMBER | |
| International Standard Book Number | 9781137606495 |
| 040 ## - CATALOGING SOURCE | |
| Original cataloging agency | Uk |
| Language of cataloging | eng |
| Transcribing agency | Uk |
| Modifying agency | EG-ScBUE |
| 082 04 - DEWEY DECIMAL CLASSIFICATION NUMBER | |
| Classification number | 346.42022 |
| Item number | MCK |
| Edition number | 22 |
| 100 1# - MAIN ENTRY--PERSONAL NAME | |
| Personal name | McKendrick, Ewan. |
| 9 (RLIN) | 39358 |
| 245 10 - TITLE STATEMENT | |
| Title | Contract law / |
| Statement of responsibility, etc | Ewan McKendrick. |
| 250 ## - EDITION STATEMENT | |
| Edition statement | 11th ed. |
| 260 ## - PUBLICATION, DISTRIBUTION, ETC. (IMPRINT) | |
| Place of publication, distribution, etc | London : |
| Name of publisher, distributor, etc | Palgrave / Macmillan Publishers, |
| Date of publication, distribution, etc | 2017. |
| 300 ## - PHYSICAL DESCRIPTION | |
| Extent | xxxiv, 434 p. : |
| Other physical details | ill. ; |
| Dimensions | 24 cm. |
| 490 0# - Series Statement | |
| Series statement | Palgrave law masters |
| 504 ## - BIBLIOGRAPHY, ETC. NOTE | |
| Bibliography, etc | Includes bibliographical references and index. |
| 505 0# - FORMATTED CONTENTS NOTE | |
| Formatted contents note | 1. Introduction<BR>PART I: THE FORMATION AND SCOPE OF A CONTRACT<BR>2. Agreement: Clearing the Ground<BR>3. Offer and Acceptance<BR>4. Certainty and Agreement Mistakes<BR>5. Consideration and Form<BR>6. Intention to Create Legal Relations<BR>7. Third Party Rights<BR>PART II: THE CONTENT OF A CONTRACT<BR>8. What is a Term?<BR>9. The Sources of Contractual Terms<BR>10. The Classification of Contractual Terms<BR>11. Exclusion Clauses<BR>PART III: POLICING THE CONTRACT<BR>12. A Duty to Disclose Material Facts?<BR>13. Misrepresentation<BR>14. Common Mistake and Frustration<BR>15. Illegality<BR>16. Capacity<BR>17. Duress, Undue Influence and Inequality of Bargaining Power<BR>18. Unfair Terms in Consumer Contracts<BR>PART IV: PERFORMANCE, DISCHARGE AND REMEDIES FOR BREACH OF CONTRACT<BR>19. Performance and Discharge of the Contract<BR>20. Breach of Contract<BR>21. Damages for Breach of Contract<BR>22. Obtaining an Adequate Remedy<BR><BR> |
| 650 #7 - SUBJECT ADDED ENTRY--TOPICAL TERM | |
| Topical term or geographic name as entry element | Contracts. |
| Source of heading or term | BUEsh |
| 650 #7 - SUBJECT ADDED ENTRY--TOPICAL TERM | |
| Topical term or geographic name as entry element | Contracts |
| Geographic subdivision | England. |
| Source of heading or term | BUEsh |
| 9 (RLIN) | 23175 |
| 650 #7 - SUBJECT ADDED ENTRY--TOPICAL TERM | |
| Topical term or geographic name as entry element | Contracts |
| Geographic subdivision | Wales. |
| Source of heading or term | BUEsh |
| 651 ## - SUBJECT ADDED ENTRY--GEOGRAPHIC NAME | |
| Source of heading or term | BUEsh |
| 653 ## - INDEX TERM--UNCONTROLLED | |
| Resource For college | Law |
| Arrived date list | November2017 |
| -- | December2017 |
| 655 ## - INDEX TERM--GENRE/FORM | |
| Form subdivision | Text book |
| -- | 33728 |
| 942 ## - ADDED ENTRY ELEMENTS (KOHA) | |
| Source of classification or shelving scheme | Dewey Decimal Classification |
| Withdrawn status | Item status | Source of classification or shelving scheme | Damaged status | Not for loan | Vendor | Home library | Current library | Shelving location | Date acquired | Source of acquisition | Total Checkouts | Full call number | Barcode | Date last seen | Koha item type | Total Renewals | Date last borrowed | Cost, normal purchase price |
|---|---|---|---|---|---|---|---|---|---|---|---|---|---|---|---|---|---|---|
| Dewey Decimal Classification | Baccah | Central Library | Central Library | First floor | 14/11/2017 | Purchase | 346.42022 MCK | 000046845 | 15/07/2025 | NB - Book (Non borrowing) | ||||||||
| Dewey Decimal Classification | Baccah | Central Library | Central Library | First floor | 14/11/2017 | Purchase | 13 | 346.42022 MCK | 000046846 | 26/11/2025 | Book - Borrowing | 40 | 13/11/2024 | |||||
| Dewey Decimal Classification | Baccah | Central Library | Central Library | First floor | 14/11/2017 | Purchase | 6 | 346.42022 MCK | 000046847 | 15/07/2025 | Book - Borrowing | 18 | 16/11/2021 | |||||
| Dewey Decimal Classification | Baccah | Central Library | Central Library | First floor | 28/12/2017 | Purchase | 6 | 346.42022 MCK | 000047060 | 15/07/2025 | Book - Borrowing | 23 | 14/03/2024 | 750.00 | ||||
| Dewey Decimal Classification | Baccah | Central Library | Central Library | First floor | 28/12/2017 | Purchase | 9 | 346.42022 MCK | 000047061 | 26/11/2025 | Book - Borrowing | 31 | 19/11/2025 |